书目信息 |
| 题名: |
法律英语翻译案例教程
|
|
| 作者: | 董晓波 主编 | |
| 分册: | ||
| 出版信息: | 北京 北京交通大学出版社 2015.07 |
|
| 页数: | 322页 | |
| 开本: | 26cm | |
| 丛书名: | ||
| 单 册: | ||
| 中图分类: | H315.9 | |
| 科图分类: | ||
| 主题词: | 英语 | |
| 电子资源: | ||
| ISBN: | 978-7-5121-2312-0 | |
| 000 | 00618nam0 2200193 45 | |
| 001 | 2236297928 | |
| 005 | 20220609103647.12 | |
| 010 | @a978-7-5121-2312-0@dCNY 42.00 | |
| 100 | @a20220609d2015 km y0chiy0120 ea | |
| 101 | 0 | @achi |
| 200 | 1 | @a法律英语翻译案例教程@Afa lu ying yu fan yi an li jiao cheng@f董晓波主编@Fdong xiao bo zhu bian |
| 210 | @a北京@c北京交通大学出版社@d2015.07 | |
| 215 | @a322页@d26cm | |
| 510 | @aA Casa Coursebook for Legal English Translation | |
| 606 | 0 | @a英语 |
| 690 | @aH315.9@v4 | |
| 701 | 0 | @a董晓波@Adong xiao bo@4主编 |
| 801 | 0 | @aCN@b河南城建学院图书馆@c20220609 |
| 905 | @dH315.9@eD029 | |
| 法律英语翻译案例教程/董晓波主编.-北京:北京交通大学出版社,2015.07 |
| 322页;26cm |
| ←并列题名:A Casa Coursebook for Legal English Translation |
| ISBN 978-7-5121-2312-0:CNY 42.00 |
| ● |
| 相关链接 |
|
|
|
正题名:法律英语翻译案例教程
索取号:H315.9/D029
 
预约/预借
| 序号 | 登录号 | 条形码 | 馆藏地/架位号 | 状态 | 备注 |
| 1 | 1503666 | 215036663 | 外国语学院资料室/ [索取号:H315.9/D029] | 在馆 |